000 00989nam2a2200229 4500
001 rc\2894604
005 20260315053328.0
035 _a(NLR Aleph) 007046672
090 _a13589511
_c13589511
100 _a20110726d1931 u y0rusy50 ca
101 0 _arus
102 _aRU
105 _ay z |||||
200 0 _aВып. 4
210 _d1931
215 _a[1], 39 л.
461 0 _1001rc\2894601
_12000#$aПтицеводство$hСерия 1$fГос. бюро иностранной техн.-экон. информации "Иносвязь", состоящее в ведении НКСнаба СССР$vВып. 4
_96150177
_cМосква
_d1931
_fГос. бюро иностранной техн.-экон. информации "Иносвязь", состоящее в ведении НКСнаба СССР
_hСерия 1
_nБ. и.
_tПтицеводство
_vВып. 4
801 0 _aRU
_bNLR
_gpsbo
801 1 _aRU
_bELAR
_2rusmarc
852 _aNLR
_j32-20/8
942 _cUNSPEC
980 _aNB